000
00336nam a2200145Ia 4500
008
220613s9999||||xx |||||||||||||| ||und||
020
_a
0003-4932
100
_a
xxx
245
0
_a
Annals of Surgery
250
_a
250(4-6) Oct-Dec 2009
260
_b
Lippincott Williams & Wilkins
300
_a
1046
650
_a
Surgery
942
_c
FJ
999
_c
14366
_d
14366